| 000 | 00000nam 2200000zi 4500 |
| 001 | 9.943208 |
| 003 | CaOODSP |
| 005 | 20241104131127 |
| 006 | m o d f |
| 007 | cr |n||||||||| |
| 008 | 240913t19931993onca obf f001 0 eng d |
| 020 | |z0662599349 |
| 040 | |aCaOODSP|beng|erda|cCaOODSP |
| 043 | |an-cn--- |
| 086 | 1 |aSA2-244/1993E-PDF|zSA2-244/1993 |
| 245 | 00|aManaging photographic records in the Government of Canada. |
| 264 | 1|aOttawa : |bNational Archives of Canada = Archives nationales du Canada, |c[1993] |
| 264 | 4|c©1993 |
| 300 | |a1 online resource (ix, 37 pages) : |billustrations |
| 336 | |atext|btxt|2rdacontent |
| 337 | |acomputer|bc|2rdamedia |
| 338 | |aonline resource|bcr|2rdacarrier |
| 500 | |aIssued also in French under title: Gestion des documents photographiques au gouvernement du Canada. |
| 500 | |aDigitized edition from print [produced by Government of Canada Publications Directorate]. |
| 500 | |a"The author is Kathleen Owens"--Preface. |
| 504 | |aIncludes bibliographical references (pages 31-32) and index. |
| 650 | 5|aPhotograph collections|zCanada|xManagement|vHandbooks, manuals, etc. |
| 650 | 0|aPublic records|zCanada|xManagement|vHandbooks, manuals, etc. |
| 650 | 0|aPhotographs|xConservation and restoration|vHandbooks, manuals, etc. |
| 650 | 5|aLibraries|zCanada|xSpecial collections|xPictures|xManagement|vHandbooks, manuals, etc. |
| 655 | 7|aHandbooks and manuals|2lcgft |
| 700 | 1 |aOwens, Kathleen, |eauthor. |
| 710 | 2 |aNational Archives of Canada, |eissuing body. |
| 775 | 08|tLa gestion des documents photographiques au gouvernement du Canada.|w(CaOODSP)9.943207 |
| 776 | 0#|tManaging photographic records in the government of Canada / |w(CaOODSP)9.655871 |
| 856 | 40|qPDF|s16144 KB|uhttps://publications.gc.ca/collections/collection_2024/bac-lac/SA2-244-1993-eng.pdf |